| 000 | 00679nam a2200205Ia 4500 | ||
|---|---|---|---|
| 999 |
_c39434 _d39434 |
||
| 001 | 6025 | ||
| 003 | GE_BSU | ||
| 005 | 20190904131259.0 | ||
| 008 | 181216s1958||||ge |||||||||||||| ||geo|| | ||
| 040 | _cGE_BSU | ||
| 041 | _ageo | ||
| 080 | _a821.353.1-144 ა-26 | ||
| 100 |
_aადამია, ალიო _93893 |
||
| 245 |
_aხექალა. ბალადები / _cალიო ადამია ; რედ. ა. გომიაშვილი. |
||
| 264 |
_aთბილისი : _bსაბლიტგამი ; _c1958. |
||
| 300 |
_a79 გვ. ; _c20 სმ |
||
| 653 | _aბალადები | ||
| 653 | _aხექალა | ||
| 942 |
_cBK _2udc |
||